000 00929pam a2200277 a 4500
999 _c2926
_d2926
001 581399
003 GBCCL
005 20241126110443.0
008 900223s1990 tnu b 000 0 eng
010 _a 90033218
020 _a0805450963 :
_c$3.25
040 _aDLC
_cDLC
_dDLC
050 0 0 _aBV3790
_b.H376 1990
082 0 0 _a269.2
_220
_bHAW
100 1 _aHawkins, O. S.
_96104
245 1 0 _aRevive us again /
_cO.S. Hawkins.
260 _aNashville, Tenn. :
_bBroadman Press,
_cc1990.
300 _a127 p. :
_c19 cm.
504 _aIncludes bibliographical references (p. 126-127)
650 0 _aEvangelistic work.
_9290
650 0 _aWitness bearing (Christianity)
_9428
650 0 _aFellowship
_xReligious aspects
_xChristianity.
_96105
906 _a7
_bcbc
_corignew
_d1
_eocip
_f19
_gy-gencatlg
942 _2ddc
_cBK